The Bad Guys Episode 17/ (Record no. 203095)

MARC details
000 -LEADER
fixed length control field 00492 a2200193 4500
005 - DATE AND TIME OF LATEST TRANSACTION
control field 20240521124825.0
010 ## - LCCN (DPL NO)
LC control number B-759136
020 ## - INTERNATIONAL STANDARD BOOK NUMBER
International Standard Book Number 9789354716379
Terms of availability 350.00
035 ## - SYSTEM CONTROL NUMBER
System control number B-759136
037 ## - SOURCE OF ACQUISITION
Source of stock number/acquisition Gift
082 ## - DEWEY DECIMAL CLASSIFICATION NUMBER
Classification number S
100 ## - MAIN ENTRY--PERSONAL NAME
Personal name Blabey, Aaron
245 ## - TITLE STATEMENT
Title The Bad Guys Episode 17/
Statement of responsibility, etc Aaron Blabey
260 ## - PUBLICATION, DISTRIBUTION, ETC. (IMPRINT)
Place of publication, distribution, etc London
Name of publisher, distributor, etc Scholastic
Date of publication, distribution, etc 2023
270 ## - ADDRESS
Address London
City London
300 ## - PHYSICAL DESCRIPTION
Extent 188 p.
Dimensions 19 cm(Pb)
942 ## - ADDED ENTRY ELEMENTS (KOHA)
Institution code [OBSOLETE] dpl
Item type Children Books
Source of classification or shelving scheme Dewey Decimal Classification
Classification part S
Call number suffix BLA
Holdings
Withdrawn status Lost status Not for loan Collection code Home library Current library Date acquired Source of acquisition Cost, normal purchase price Full call number Barcode Copy number Cost, replacement price Koha item type Public note
      Fiction Sarojini Nagar Sarojini Nagar 21/05/2024 Gift/20.5.24 350.00 S BLA B-759136 1 350.00 Children Books Gift

© Delhi Public Library
Hit Counter
free hit counter